Pays d'Europe ayant un sous-marin - Statistiques

Statistiques générales
  • Ce quiz a été pris 107 fois
  • Le résultat moyen est 11 sur 12
Statistiques - réponses
Nombre de sous-marins Pays % Correct
9 France
100%
2 Espagne
97%
10 Royaume-Uni
97%
8 Italie
95%
6 Allemagne
94%
2 Portugal
94%
9 Grèce
89%
4 Suède
89%
6 Norvège
87%
3 Pays-Bas
82%
1 Pologne
78%
14 Turquie
72%
Aucun quiz correspondant
Distribution des résultats
% des personnes avec chaque résultat
Percentile par nombre de réponses
Votre historique - résultats
Vous n’avez pas pris ce quiz